000 00231nam a22000857a 4500
008 161205b xxu||||| |||| 00| 0 eng d
100 _91802
_aSingh.R
245 _aTogether with the action words
260 _aNEW DELHI
_bRACHNA SAGAR
_c2008
999 _c4515
_d4515